Examining tide pool habitats / (Record no. 6720)

MARC details
000 -LEADER
fixed length control field 00890nam a22002777a 4500
001 - CONTROL NUMBER
control field 6720
003 - CONTROL NUMBER IDENTIFIER
control field FISKH
005 - DATE AND TIME OF LATEST TRANSACTION
control field 20250522115926.0
008 - FIXED-LENGTH DATA ELEMENTS--GENERAL INFORMATION
fixed length control field 250522b cb ||||| |||| 00| 0 eng d
020 ## - INTERNATIONAL STANDARD BOOK NUMBER
International Standard Book Number 9781435831230
040 ## - CATALOGING SOURCE
Original cataloging agency FISKH
Language of cataloging eng
Transcribing agency FISKH
Modifying agency FISKH
050 ## - LIBRARY OF CONGRESS CALL NUMBER
Classification number QH541.S35 K56
082 ## - DEWEY DECIMAL CLASSIFICATION NUMBER
Classification number 577.69
100 ## - MAIN ENTRY--PERSONAL NAME
Personal name King, Zelda
245 ## - TITLE STATEMENT
Title Examining tide pool habitats /
Statement of responsibility, etc. Zelda King
260 ## - PUBLICATION, DISTRIBUTION, ETC.
Place of publication, distribution, etc. New York :
Name of publisher, distributor, etc. Power Kids Press,
Date of publication, distribution, etc. 2009
300 ## - PHYSICAL DESCRIPTION
Extent 24 pages :
Other physical details color illustrations ;
Dimensions 23 cm
490 ## - SERIES STATEMENT
Series statement Graphic Organizers: Habitats
505 ## - FORMATTED CONTENTS NOTE
Formatted contents note R<br/>
520 ## - SUMMARY, ETC.
Summary, etc. The vibrant animals and plants of tide pools are dynamically presented through graphic organizers, accessible text, and colorful photographs.
521 8# - TARGET AUDIENCE NOTE
Target audience note 660<br/><br/>
Source Lexile estimate <br/>
521 8# - TARGET AUDIENCE NOTE
Target audience note R<br/>
Source Raz-PlusKSP
650 ## - SUBJECT ADDED ENTRY--TOPICAL TERM
Topical term or geographic name entry element Habitats-Ocean
Form subdivision Life science
942 ## - ADDED ENTRY ELEMENTS (KOHA)
Source of classification or shelving scheme Dewey Decimal Classification
Koha item type Books
Suppress in OPAC No
Holdings
Withdrawn status Lost status Source of classification or shelving scheme Damaged status Not for loan Collection Home library Current library Shelving location Date acquired Total Checkouts Full call number Barcode Date last seen Copy number Price effective from Koha item type
    Dewey Decimal Classification     Non-Fiction Footprints International School Library Network Toul Kork Campus Footprints International School Library Network Toul Kork Campus TK Primary Library Room(4th Floor), Bookcase 5&6, Shelves 33-56, Orange Books 05/22/2025   KIN 577.69 QH541.S35 K56 FISTK02258 05/22/2025 1 05/22/2025 Books